Curso general de transporte ferroviario
| Main Authors: | , , |
|---|---|
| Format: | Section = Libro |
| Language: | Undetermined Spanish |
| Published: |
Cuba
Profamilia
1984
|
| Subjects: |
| LEADER | 00588nam a2200217Ia 4500 | ||
|---|---|---|---|
| 008 | 240830s9999 xx 000 0 und d | ||
| 040 | |a B-ESTELÍ- RUACS / 385 M385 | ||
| 041 | |a spa | ||
| 082 | |a 385 M385 | ||
| 100 | 1 | |a Martinez Hernández, Jesús | |
| 100 | 1 | |b Campaneria Rosales, Ernesto | |
| 100 | 1 | |c Machin Puron, Livia | |
| 245 | 1 | 0 | |a Curso general de transporte ferroviario |
| 260 | |a Cuba |b Profamilia |c 1984 | ||
| 300 | |a 107 p:il | ||
| 650 | 7 | |a PRODUCCION | |
| 650 | 7 | |b EQUIPAMIENTO | |
| 650 | 7 | |c PROYECCION DE LOS TALLERES | |
| 942 | |c BK |2 ddc | ||
| 991 | |a TEXTO | ||
| 999 | |c 10853 | ||